[Event "81st ARM-ch 2021"]
[Site "Yerevan"]
[Date "2021.02.22"]
[Round "6.5"]
[White "Petrosyan, Manuel"]
[Black "Harutyunian, Tigran K."]
[Result "1/2-1/2"]
[WhiteElo "2628"]
[BlackElo "2549"]
[Annotator "TA"]
[PlyCount "81"]
[EventDate "2021.02.16"]
[EventType "tourn"]
[EventCountry "ARM"]
[SourceTitle "playchess.com"]
[Source "ChessBase"]
[SourceQuality "1"]

{[%evp 13,81,10,41,11,0,0,0,11,34,38,30,31,66,61,68,60,75,49,56,49,58,23,67,74,94,91,94,87,72,85,106,82,141,123,142,103,143,89,105,25,55,16,21,33,33,-10,-3,-8,-5,-6,-7,-6,-9,-7,-9,-11,0,-7,0,0,0,0,0,0,0,0,0,-12,-16,-47]} 1. d4 Nf6 2. c4 g6 3. Nc3 d5 4. cxd5 Nxd5 5. Bd2 Bg7 6. e4 Nb6 7. Be3 O-O 8. a4 {D85: Exchange Grünfeld: Unusual White 7th moves and lines with 7 Nf3.} a5 9. h3 Nc6 {[%cal Rc6d4]} 10. Nf3 Nb4 11. Be2 {[#]} Be6 $146 ({Predecessor:} 11... c6 12. O-O Be6 13. Ng5 Bc4 14. Rc1 Rc8 15. b3 Bxe2 16. Nxe2 Nd7 17. f4 h6 {0-1 (24) Carlsen,M (2862)-Vachier Lagrave,M (2784) chess24.com INT 2021}) 12. O-O Bc4 13. b3 Ba6 14. Rc1 Nd7 15. Bc4 Bxc4 16. bxc4 e5 17. d5 Qe7 18. c5 Nxc5 19. Bxc5 Qxc5 20. Nb5 Qb6 21. Rxc7 Rac8 22. d6 Rcd8 (22... Na6 $142) 23. Qd2 $16 Na6 24. Rc4 Rfe8 25. Rd1 ({White should try} 25. Rc3) 25... Bf8 26. Qd5 (26. Rc3 $16) 26... Re6 $11 {[%cal Re6d6] [#] Hoping for ...Rexd6.} 27. Ng5 Rf6 28. Rd2 ({Much worse is} 28. Qxe5 Qxf2+ 29. Kh1 h6 $17) 28... h6 29. Qxe5 (29. Nxf7 {feels hotter.} Rxf7 30. Rc3 Nb4 31. Qe6 Nc6 32. Rf3) 29... Bxd6 {The position is equal.} 30. Nxd6 (30. Qxf6 $2 {[#] too greedy.} Bh2+ $1 {[%mdl 512]} 31. Kxh2 Qxf6 $17) 30... Rfxd6 31. Rxd6 Qxd6 32. Nf3 Qxe5 33. Nxe5 {[%mdl 4096] Endgame KRN-KRN} Kg7 34. f4 Rd1+ 35. Kf2 Rb1 36. Nd3 b5 37. axb5 Rxb5 38. Ke3 Rb3 {Strongly threatening ...Nb4.} 39. Kd2 Nb4 40. Nxb4 axb4 41. Ke2 {Weighted Error Value: White=0.15/Black=0.09} 1/2-1/2

[Event "81st ARM-ch 2021"]
[Site "Yerevan"]
[Date "2021.02.22"]
[Round "6.6"]
[White "Petrosian, Tigran L."]
[Black "Andriasian, Zaven"]
[Result "0-1"]
[WhiteElo "2601"]
[BlackElo "2606"]
[Annotator "TA"]
[PlyCount "60"]
[EventDate "2021.02.16"]
[EventType "tourn"]
[EventCountry "ARM"]
[SourceTitle "playchess.com"]
[Source "ChessBase"]
[SourceQuality "1"]

{[%evp 9,60,21,28,17,12,10,27,4,-3,-7,-8,-19,-20,-26,-25,-29,-29,-35,-15,-54,-56,-66,-34,-58,-47,-97,-96,-126,-125,-160,43,-115,-8,-147,-145,-274,-281,-375,-339,-329,-282,-288,-287,-259,-246,-234,-216,-303,-312,-318,-306,-753,-735]} 1. Nf3 d5 2. e3 Nf6 3. c4 g6 4. b3 Bg7 5. Bb2 dxc4 6. Bxc4 {A06: Réti Opening: 1 Nf3 d5.} c5 7. O-O O-O 8. Nc3 {White has an edge.} Nc6 9. Rc1 b6 {[%cal Bb7b6,Bb6b5][%mdl 32] [#]} 10. h3 $146 ({Predecessor:} 10. d4 cxd4 11. Nxd4 Nxd4 12. Qxd4 Qxd4 13. exd4 e6 14. Nb5 Bb7 15. Nc7 Rab8 16. Ba3 {0-1 (63) Bogdanovich,S (2597)-Veisi,B (2316) Teheran 2019}) 10... Bb7 11. Qe2 a6 12. Rfd1 b5 13. Bd3 Qb6 14. Qf1 Rfd8 15. Be2 Rac8 16. Nb1 Nb4 17. Nc3 Ne4 18. Ra1 {[#]} Qe6 $1 19. d4 {[#]} Nc2 $2 ({Black should try} 19... Ng3 $1 $17 {[%mdl 512]} 20. fxg3 Qxe3+ {[%mdl 64] Double Attack} 21. Qf2 Qxf2+ 22. Kxf2 cxd4 23. Nxb5 Bxf3 24. Kxf3 axb5) 20. Rac1 $2 (20. Nxe4 $14 {was forced to keep a grip.} Qxe4 21. Bd3) 20... Ng3 21. fxg3 (21. d5 $11 {keeps the balance.} Rxd5 22. Nxd5 (22. fxg3 Nxe3 {[%mdl 64] Double Attack} 23. Qf2 Nxd1 $17) 22... Nxf1 23. Ng5 Qxd5 24. Rxd5 Bxd5 25. Rxc2) 21... Nxe3 $17 22. Qf2 (22. Ng5 $17 {was necessary.} Qf6 23. Qxf6 Bxf6 24. Nge4 Bxd4 25. Rd2) 22... cxd4 $19 ({But not} 22... Nxd1 23. Nxd1 cxd4 24. Rxc8 $19) 23. Nb1 Nxd1 24. Bxd1 Qf5 25. Rxc8 Rxc8 ({Don't take} 25... Bxc8 26. Nbd2 $19) 26. Nbd2 e5 27. g4 Qf4 28. Nf1 (28. b4 {keeps fighting.}) 28... Rd8 29. Ng3 Qe3 30. Ne2 $2 (30. Nf1 Qxf2+ 31. Kxf2) 30... Bxf3 {Weighted Error Value: White=0.60/Black=0.25} 0-1

[Event "81st ARM-ch 2021"]
[Site "Yerevan"]
[Date "2021.02.23"]
[Round "7.1"]
[White "Harutyunian, Tigran K."]
[Black "Babujian, Levon"]
[Result "1-0"]
[WhiteElo "2549"]
[BlackElo "2455"]
[Annotator "TA"]
[PlyCount "159"]
[EventDate "2021.02.16"]
[EventType "tourn"]
[EventCountry "ARM"]
[SourceTitle "playchess.com"]
[Source "ChessBase"]
[SourceQuality "1"]

{[%evp 9,159,-1,22,12,35,31,27,20,72,59,52,53,45,47,71,65,53,75,52,56,67,68,53,54,62,52,58,53,112,114,114,111,112,108,100,113,104,72,117,104,177,196,193,197,194,198,252,259,318,231,281,281,378,360,368,291,298,293,269,290,332,331,280,118,103,93,97,88,107,89,87,42,91,88,68,1,115,131,103,111,107,46,70,37,64,0,0,0,0,0,0,0,0,0,0,0,0,0,0,0,0,0,0,0,0,0,0,0,0,0,0,0,0,0,0,0,0,0,8,8,8,8,8,0,29967,29972,29972,29972,29971,8,8,8,8,8,8,8,29977,29976,29979,29980,29980,29981,29980,29981,29982,29983,29983,29984,29983,29984,29989,29990]} 1. d4 Nf6 2. Nf3 g6 3. b3 Bg7 4. Bb2 O-O 5. e3 d5 6. c4 {D04: Colle System.} Bf5 7. cxd5 Nxd5 8. Nbd2 {White has an edge.} Nb4 (8... Re8 $11) 9. e4 $16 Bg4 {[#]} 10. a3 $146 ({Predecessor:} 10. h3 Bxf3 11. Nxf3 c5 12. Qd2 N8c6 13. a3 Na6 14. d5 Bxb2 15. Qxb2 Ncb8 16. Be2 {1-0 (40) Krabbe,T-De Rooi,P Amsterdam 1970}) 10... N4c6 {[%cal Rc6d4]} 11. Be2 Nd7 12. O-O Nc5 13. e5 Ne6 14. h3 Bxf3 15. Nxf3 Nf4 16. Bb5 Na5 17. Rc1 (17. Bc4 {looks sharper.} Qd7 18. Re1 c5 19. Bf1 Qd5 20. g3) 17... c6 18. Bd3 Nxd3 (18... Qd5 $14) 19. Qxd3 b5 20. Rc5 Qb6 21. Rfc1 Rfd8 22. e6 {Threatens to win with exf7+.} f6 23. Qe3 Rd6 24. h4 $1 Rad8 (24... Rd5 $16) 25. h5 $18 {Hoping for hxg6.} Nb7 26. R5c2 g5 27. Qe4 Na5 (27... b4 $142 28. Rxc6 Rxc6 29. Rxc6 Qa5) 28. Nd2 $1 Rc8 29. Qf5 Rf8 30. b4 Nb7 31. Ne4 Rd5 32. Qf3 Nd8 33. Nc5 Qc7 34. Nd7 $1 Rxd7 35. exd7 Qxd7 36. Rc5 (36. d5 $18 {[%cal Rd5c6] has better winning chances.} Qxd5 37. Qxd5+ cxd5 38. Rc7) 36... e6 $16 37. Qh3 f5 38. h6 g4 39. Qh5 ({Worse is} 39. hxg7 gxh3 40. gxf8=B Kxf8 $15) 39... Bf6 40. R1c2 Qf7 41. Qh2 Be7 42. Qf4 ({Better is} 42. R5c3 $14) 42... Qg6 (42... Bxc5 $11 {remains equal.} 43. Rxc5 (43. dxc5 Qg6 $11) 43... Qf6) 43. Rxc6 Nxc6 44. Rxc6 Rd8 45. Qe5 (45. g3 $16) 45... Kf7 46. Qxb5 g3 47. fxg3 (47. Qe2 $14) 47... Qxg3 $11 {aiming for ...Rg8.} 48. Qe5 Qxe5 49. dxe5 {[%mdl 4096] Endgame Rc7 is the strong threat. KRB-KRB} Rd1+ 50. Kh2 {Black must now prevent Rc7.} Bg5 $1 51. Bc3 Bxh6 52. Rc7+ Kg6 53. Re7 (53. Rxa7 $2 Be3 $17) 53... Be3 {Strongly threatening ...Bg1+.} 54. Rxe6+ Kh5 {And now ...Kg4 would win.} 55. Rd6 Bf4+ 56. g3 Rxd6 57. exd6 Bxd6 {KB-KB} 58. Kh3 f4 59. gxf4 Bxf4 60. b5 Be3 61. Kg3 Kg6 62. Kf3 Bc5 63. Ke4 Bxa3 64. Bd4 h5 65. Bxa7 h4 66. Kd5 h3 $2 {[%mdl 8192] [#]} (66... Bc1 $11) 67. Bb8 $1 Bc1 68. Ke4 Ba3 {[#]} 69. b6 $2 (69. Kd4 $1 {mates} Bb2+ 70. Kd3 Kh5 71. b6 Ba3 72. b7 Bc5 73. Kc4 Bg1 74. Bd6) 69... Bc5 $1 70. b7 Bg1 71. Kf3 Kf5 72. Bc7 (72. Bd6 {is more complex.} h2 73. Kg2 Ba7 74. Bc7 Ke6 75. Bxh2 Kd7 76. Kf3) 72... Ba7 $2 {[%mdl 8192] Loses the game.} (72... h2 $11 73. Kg2 h1=B+ 74. Kxh1 Ba7) 73. Bf4 {White mates.} Kf6 74. Ke4 Ke6 75. Be5 Ke7 76. Kd5 Kd7 77. Bh2 Ke7 78. Kc6 Ke6 79. Kb5 Kd7 80. Ka6 {Weighted Error Value: White=0.15/Black=0.16} 1-0

[Event "81st ARM-ch 2021"]
[Site "Yerevan"]
[Date "2021.02.23"]
[Round "7.2"]
[White "Ter-Sahakyan, Samvel"]
[Black "Sargsyan, Shant"]
[Result "1-0"]
[WhiteElo "2640"]
[BlackElo "2596"]
[Annotator "TA"]
[PlyCount "57"]
[EventDate "2021.02.16"]
[EventType "tourn"]
[EventCountry "ARM"]
[SourceTitle "playchess.com"]
[Source "ChessBase"]
[SourceQuality "1"]

{[%evp 17,57,44,39,0,28,4,32,1,17,14,20,0,0,0,11,0,20,2,20,0,0,0,237,229,507,507,511,511,423,489,477,461,394,481,1094,1102,1073,1059,1060,1057,2243,2204]} 1. e4 e5 2. Nf3 Nc6 3. Bb5 a6 4. Ba4 Nf6 5. O-O b5 6. Bb3 Bc5 7. a4 Rb8 8. c3 d6 9. d4 Bb6 10. a5 {The modern move. C78: Ruy Lopez: Archangelsk and Möller Defences.} Ba7 (10... Bxa5 $2 11. dxe5 dxe5 12. Qxd8+ Kxd8 13. Bd5 $18 (13. Bxf7 Bb6 $16)) 11. h3 Bb7 12. Be3 {White is slightly better.} Nxe4 13. Re1 exd4 14. cxd4 {d5 is the strong threat.} d5 15. Nc3 {aiming for Nxe4.} Ne7 16. Nxe4 dxe4 17. Ng5 $36 {[%mdl 2048] White fights for an advantage.} Bd5 18. Bxd5 Qxd5 {[#]} 19. Rc1 $5 $146 {[%mdl 8] New and interesting.} ({Predecessor:} 19. Nxe4 O-O 20. Qf3 f5 21. Nd2 f4 22. Bxf4 Qxd4 23. Qb3+ Qd5 24. Be3 c5 25. Rad1 {½-½ (35) Saric,I (2690)-Lagno,K (2560) Caleta 2019}) 19... Qd7 $2 (19... Rc8 $11 {and Black is okay.}) 20. Qh5 {[%mdl 1024] White has strong compensation.} (20. Nxe4 O-O $11) 20... g6 $2 {[#]} (20... Nd5 21. Bf4 (21. Nxh7 Kd8 $11) (21. Nxe4 O-O $14) 21... Kf8) 21. Qh4 $1 $18 f5 {[#]} 22. Bf4 $1 Nd5 23. Be5 Rg8 24. Nxe4 fxe4 25. Rxe4 h5 (25... Rc8 $142 26. Rc6 Qf5) 26. Bd6+ Kf7 {[#]} 27. Rxc7 $1 {[%mdl 512]} Qxc7 28. Bxc7 Rbc8 {[#]} 29. Qg5 $1 {Weighted Error Value: White=0.08/Black=0.56} 1-0

[Event "81st ARM-ch 2021"]
[Site "Yerevan"]
[Date "2021.02.23"]
[Round "7.3"]
[White "Andriasian, Zaven"]
[Black "Gabuzyan, Hovhannes"]
[Result "0-1"]
[WhiteElo "2606"]
[BlackElo "2557"]
[Annotator "TA"]
[PlyCount "84"]
[EventDate "2021.02.16"]
[EventType "tourn"]
[EventCountry "ARM"]
[SourceTitle "playchess.com"]
[Source "ChessBase"]
[SourceQuality "1"]

{[%evp 12,84,29,6,8,4,10,0,5,8,38,19,27,25,28,0,-9,-18,0,-12,50,0,0,-21,0,-38,-39,-53,-18,-18,-14,-20,-14,-27,-32,-27,-29,-32,-36,-36,-37,-34,-8,-66,-70,-71,-9,-81,-70,-96,-95,-124,-120,-166,-160,-162,-152,-158,-156,-195,-189,-250,-189,-403,-377,-582,-575,-1875,-1827,-1197,-1150,-2089,-2025,-1596,-1553]} 1. e4 c5 2. Nf3 d6 3. d4 cxd4 4. Nxd4 Nf6 5. Nc3 a6 6. h3 e5 7. Nb3 Be7 {B90: Sicilian Najdorf: Unusual White 6th moves, 6 Be3 Ng4 and 6 Be3 e5.} 8. g4 h6 9. Be3 Be6 {The position is equal.} 10. Qd2 (10. Qf3 Nbd7 11. O-O-O Rc8 12. Nd5 Nf8 13. Kb1 Ng6 14. Rg1 Nh7 15. Be2 O-O 16. Rd2 Bg5 17. Rgd1 Re8 18. c3 Bxd5 19. exd5 Bf4 20. Bf1 Qh4 21. a3 Ng5 {1-0 (48) Andriasian,Z (2611)-Gabuzyan,H (2585) Yerevan 2020}) 10... b5 11. O-O-O Nbd7 12. f4 Rc8 13. f5 Bc4 14. Kb1 Qc7 15. a3 {[#]} Nb6 $146 (15... Rb8 $11) ({Predecessor:} 15... Bxf1 16. Rhxf1 Qc6 17. Qg2 a5 18. h4 Qb7 19. g5 hxg5 20. hxg5 Rxc3 21. gxf6 Rxe3 22. fxe7 Qxe4 23. Qxe4 Rxe4 24. Rxd6 {1-0 (36) Ni,H (2607)-Bu,X (2640) Wuxi 2006}) 16. Bxb6 Qxb6 17. Qe1 O-O 18. Nd5 (18. h4 $5 {[%cal Rg4g5]}) 18... Nxd5 19. exd5 Bxb3 20. cxb3 Bg5 21. h4 Bf4 22. f6 Qe3 $36 {[%mdl 2048] Black is more active.} 23. Qxe3 Bxe3 24. Rh3 Bf4 25. Bd3 gxf6 26. Bf5 Rce8 27. Rf1 (27. b4 $11) 27... b4 $1 $15 28. h5 Bg5 (28... Rb8 $17) 29. Be4 (29. Re1 $11) 29... Rc8 30. axb4 Rb8 31. Kc2 Rxb4 32. Bf5 {[#]} e4 $1 33. Rc3 e3 34. Re1 a5 35. Ra1 Re8 36. Kd3 (36. Re1 {was called for.}) 36... a4 {[#] Threatens to win with ...Re5.} 37. bxa4 $2 (37. Re1 {only move.}) 37... Rxb2 38. Rc8 (38. Re1 {is a better defense.} Rd2+ 39. Kc4) 38... Rd2+ $19 {Black is clearly winning.} 39. Kc3 Rxc8+ 40. Bxc8 f5 {And now ...Bf6+ would win.} 41. Rb1 Bf6+ 42. Kb3 e2 {Weighted Error Value: White=0.56/Black=0.12} 0-1

[Event "81st ARM-ch 2021"]
[Site "Yerevan"]
[Date "2021.02.23"]
[Round "7.4"]
[White "Pashikian, Arman"]
[Black "Petrosian, Tigran L."]
[Result "1-0"]
[WhiteElo "2606"]
[BlackElo "2601"]
[Annotator "TA"]
[PlyCount "97"]
[EventDate "2021.02.16"]
[EventType "tourn"]
[EventCountry "ARM"]
[SourceTitle "playchess.com"]
[Source "ChessBase"]
[SourceQuality "1"]

{[%evp 13,97,60,60,38,60,62,76,75,87,84,79,94,85,64,74,52,48,50,60,67,75,85,93,86,93,99,120,118,119,124,122,84,58,44,42,25,33,40,45,38,102,106,332,359,291,110,103,109,105,83,85,91,74,8,12,4,6,19,81,93,341,324,313,300,755,180,265,0,745,753,738,756,736,725,739,740,712,704,630,630,626,587,1156,1128,765,766]} 1. d4 {Ftacnik,L} Nf6 2. c4 Nc6 3. Nf3 d6 4. Nc3 e5 5. d5 Ne7 6. e4 Ng6 {6...Ng6 is better than 6...g6.} 7. g3 Be7 8. Be2 $5 {[%mdl 4] A promising side line. A54: Old Indian Defence with Nf3, but without e4.} h6 9. h4 Bg4 10. Nd2 {White is better.} Bxe2 11. Qxe2 h5 12. Nf1 Nf8 13. Ne3 {[#]} N8d7 $146 ({Predecessor:} 13... g6 14. b3 N8d7 15. Ba3 Bf8 16. O-O-O Bh6 17. Kb1 a6 18. f3 Qe7 19. Ng2 b6 {½-½ (87) Larsen,B (2620)-Ljubojevic,L (2605) Tilburg 1978 MCL [Ftacnik,L]}) 14. Nf5 Bf8 15. Bg5 g6 16. Ne3 Be7 17. Nc2 a6 18. O-O-O Ng4 19. Bd2 c6 20. f3 Ngf6 21. g4 Nb6 22. dxc6 bxc6 23. c5 dxc5 24. g5 Nfd7 25. f4 exf4 26. Bxf4 Qc8 (26... O-O $14) 27. Ne3 $16 a5 $2 {[#]} (27... O-O $16) 28. Nf5 $1 $18 {[%mdl 512]} Qa6 {[#] And now ...Qxe2 would win.} (28... gxf5 29. exf5 Qa6 30. Qf3 $18) 29. Qxa6 (29. Qf3 $1 $18) 29... Rxa6 $16 30. Nxe7 Kxe7 31. Bd6+ Ke6 32. Ne2 $36 {[%cal Re2f4][%mdl 2048] White is on the roll.} Nd5 33. Bxc5 Nxc5 $11 34. exd5+ cxd5 35. Nf4+ Kf5 (35... Ke7 $1 $11 {remains equal.}) 36. Nxd5 $16 {Strongly threatening Rhf1+.} Ne6 $2 (36... Re6 $16) 37. Rhf1+ Kg4 38. Rg1+ (38. Rxf7 Rf8 $11) 38... Kh3 $2 (38... Kxh4 39. Rg2 Rc8+ 40. Kb1 Rc3 41. bxc3 Nxg5 42. Rh1+ Nh3 43. Nf4 Rb6+ 44. Kc2 Rb2+ 45. Kxb2 g5 46. Rxh3#) (38... Kf3 39. Nc3 Rc6) 39. Rh1+ $2 (39. Rd3+ Kxh4 40. Rd2 Rc8+ 41. Kb1) 39... Kg4 (39... Kg2 {was necessary.} 40. Kb1 Rd8) 40. Rhg1+ $2 (40. Rd3 Kf5 41. Nf6 (41. Rf1+ Kg4 $18) 41... Rc6+ 42. Kb1) 40... Kh3 $1 $18 ({Stronger than} 40... Kxh4 41. Rg2 Rc8+ 42. Kb1 Rc3 43. bxc3 Nxg5 44. Rh1+ Nh3 45. Nf4 Rb6+ 46. Kc2 Rb2+ 47. Kxb2 g5 48. Rxh3#) 41. Rd3+ $1 {White is clearly winning.} (41. Rh1+ Kg4 $18) 41... Kxh4 42. Rd2 $1 {[%cal Rd2h2]} Kh3 {[#]} 43. Rdg2 $1 {Threatening mate with Ne3.} Rc6+ 44. Kb1 {White wants to mate with Ne3.} Rhc8 {[#]} 45. Ne3 $1 {[%cal Rg1h1]} Rc1+ 46. Rxc1 Rxc1+ 47. Kxc1 Nf4 48. Rd2 h4 49. Rd7 {Weighted Error Value: White=0.33/Black=0.36} 1-0

[Event "81st ARM-ch 2021"]
[Site "Yerevan"]
[Date "2021.02.23"]
[Round "7.5"]
[White "Gharibyan, Mamikon"]
[Black "Hovhannisyan, Robert"]
[Result "1-0"]
[WhiteElo "2423"]
[BlackElo "2642"]
[Annotator "TA"]
[PlyCount "93"]
[EventDate "2021.02.16"]
[EventType "tourn"]
[EventCountry "ARM"]
[SourceTitle "playchess.com"]
[Source "ChessBase"]
[SourceQuality "1"]

{[%evp 16,93,0,0,0,0,0,0,0,0,0,-13,-16,-17,0,0,27,26,27,37,58,64,71,71,71,67,71,64,71,71,76,76,71,64,70,67,66,70,86,90,113,73,76,72,79,76,83,82,93,101,154,154,154,154,235,231,212,192,416,339,12832,12831,12836,12837,12838,12838,12839,12839,12843,12843,12843,12843,12843,12844,12848,12844,12844,12839,12839,12839]} 1. d4 d5 2. c4 c6 3. Nf3 Nf6 4. Nc3 e6 5. Bg5 h6 6. Bh4 dxc4 7. e4 g5 8. Bg3 b5 9. Be2 Bg7 {D43: Semi-Slav: 5 Bg5 h6.} 10. e5 Nh5 11. a4 a6 $1 {The position is equal.} 12. Ne4 {Threatens to win with Nd6+.} O-O 13. O-O Nd7 {[#]} 14. b3 $146 ({Predecessor:} 14. Qc2 Nxg3 15. hxg3 Qe7 16. b3 c5 17. axb5 cxb3 18. Qxb3 Bb7 19. Nxc5 Nxc5 20. dxc5 axb5 21. Qxb5 Bxf3 22. Bxf3 Rxa1 23. Rxa1 Bxe5 {1-0 (36) Gormally,D (2494)-Tate,A (2331) Glasgow 2016}) 14... c5 15. axb5 $1 cxd4 16. bxc4 (16. Qxd4 cxb3 17. Rad1 (17. bxa6 $2 Nxg3 18. Nxg3 Nxe5 $19) 17... Qb6 $17) 16... Nxg3 17. hxg3 (17. fxg3 Bb7 $17) 17... Bb7 18. Nd6 (18. Qxd4 Nxe5 $1 19. Qxd8 Rfxd8 $15) 18... Qc7 19. Nxb7 ({Don't play} 19. Qxd4 $6 Bxf3 20. b6 (20. gxf3 $2 Bxe5 {[%mdl 64] Double Attack} 21. b6 Qb8 $19) (20. Bxf3 Nxe5 21. Bxa8 Nf3+ 22. Bxf3 Bxd4 $15) 20... Qb8 $15) 19... Qxb7 20. Qxd4 {Hoping for Rfd1.} axb5 21. cxb5 Rad8 22. Rad1 Qb8 {[%cal Rd7e5]} 23. Qe4 Nxe5 24. Nxe5 Qxe5 25. Qxe5 Bxe5 26. b6 {[%cal Bb5b6,Bb6b7][%mdl 32]} Rb8 {[#]} 27. Rb1 Rfd8 28. Rfd1 Rxd1+ 29. Bxd1 $16 {[%mdl 4096] Endgame KRB-KRB} Kg7 30. b7 Rd8 31. Bf3 f5 32. g4 h5 (32... Kf7 $142) 33. gxh5 g4 34. Bc6 g3 (34... Bb8 $16 35. Kf1 Kh6) 35. fxg3 $18 Bxg3 36. Kf1 Rb8 $2 (36... Bb8 37. Bf3 Rd2) 37. Bd7 Kh6 $2 (37... Rf8 38. Bxe6 Kh6) 38. Bc8 {White is clearly winning.} Kxh5 39. Rb6 e5 40. Rf6 f4 41. Re6 Bh4 42. Rxe5+ Kg6 43. Ke2 Bd8 44. Kf3 Bg5 45. Kg4 Bd8 46. Rd5 Bc7 47. Rc5 {Weighted Error Value: White=0.03/Black=0.20} 1-0

[Event "81st ARM-ch 2021"]
[Site "Yerevan"]
[Date "2021.02.23"]
[Round "7.6"]
[White "Martirosyan, Haik M."]
[Black "Petrosyan, Manuel"]
[Result "1-0"]
[WhiteElo "2622"]
[BlackElo "2628"]
[Annotator "TA"]
[PlyCount "105"]
[EventDate "2021.02.16"]
[EventType "tourn"]
[EventCountry "ARM"]
[SourceTitle "playchess.com"]
[Source "ChessBase"]
[SourceQuality "1"]

{[%evp 17,104,16,47,0,1,0,0,0,0,0,23,25,19,17,54,22,69,67,104,38,37,14,21,0,0,0,0,0,0,0,0,0,52,52,43,41,48,0,48,-13,79,68,78,80,52,55,202,213,206,199,206,151,178,166,145,152,681,764,837,837,852,604,603,591,523,0,0,0,368,368,319,134,132,8,580,575,708,708,866,667,29958,29959,29992,29993,29996,29997,29997,29998,29999]} 1. d4 Nf6 2. c4 e6 3. Nf3 d5 4. Nc3 Be7 5. Bf4 O-O 6. e3 c5 7. dxc5 Bxc5 8. a3 Nc6 9. Qc2 Re8 10. Rd1 $1 {[%mdl 4] now scores much better than the old 10.0-0-0. D37: Queen's Gambit Declined: 5 Bf4.} e5 11. Bg5 {[%cal Rc3d5]} d4 {Hoping for ...Qa5.} 12. Bxf6 $5 {[%mdl 4] The position is equal. A promising side line.} Qxf6 13. Nd5 {[%cal Rd5f6] [#]} Qd8 $146 ({Predecessor:} 13... Qh6 14. e4 Rb8 15. b4 Bf8 16. c5 Bg4 17. Bc4 Rbc8 18. Qd3 Kh8 19. h3 Be6 {1-0 (70) Vovk,Y (2564)-Radulski,J (2556) Dieren 2011}) 14. Bd3 g6 15. h4 Bg4 {White must now prevent ...e4!} 16. b4 Bd6 17. h5 $1 {[%cal Rh5g6]} Kg7 18. e4 (18. Be2 $16) 18... Be7 19. Be2 Bxf3 20. Bxf3 Bg5 21. c5 Ne7 $1 {[%cal Re7d5]} 22. Nxe7 Qxe7 23. Bg4 a5 24. b5 Rec8 25. Bxc8 $14 Rxc8 26. c6 bxc6 27. b6 Qxa3 28. O-O (28. Rb1 $14) 28... Qc3 (28... Qd6 $1 $11) 29. Qe2 $1 $16 {[%cal Re2g4][%mdl 1024] White has strong compensation.} Rb8 30. Qa6 {aiming for Qa7.} Qc5 ({Avoid the trap} 30... gxh5 $2 31. Qa7 $18) 31. Rb1 Bd2 (31... Qd6 $14) 32. Qa7 $1 $18 {[%cal Ra7b8]} Qd6 33. Rfd1 $1 {[%cal Rd1d2]} Bb4 34. Rd3 $1 Rf8 35. Rf3 $1 g5 36. Rbb3 c5 $2 (36... h6 $16) 37. b7 c4 {[#]} 38. Rxb4 $1 {[%mdl 576] Promotion} axb4 (38... Qxb4 39. b8=Q) 39. Rxf7+ {[%mdl 64] Deflection} Rxf7 {[#]} 40. b8=Q {Qxf7+! is the strong threat.} Qf6 41. Qa2 (41. h6+ $1 $18 Kxh6 42. Qab6) 41... b3 $1 $11 {[%cal Rb3a2]} 42. Qe2 {And now f3 would win.} Qe6 $2 {[%mdl 8192]} (42... d3 $11 43. Qe3 h6) 43. Qd2 $18 Qf6 {Strongly threatening ...c3.} 44. Qe1 (44. f4 $1 $18 gxf4 45. Qdb4) 44... Kh6 $16 45. Qb5 ({White must play} 45. f3 $1 $16 {Threatens to win with Qeb4.} Qf4 46. Qf1) 45... Rc7 $2 {[%mdl 8192] [#]} (45... b2 $11 46. Qxb2 c3) 46. Qea5 $1 $18 {[%cal Ra5c7]} Rc6 {[#]} 47. Qa7 $1 {Intending Qbb7 and mate.} g4 48. Qbb7 Kg5 49. g3 {White mates.} c3 50. Qxh7 b2 51. Qg8+ Qg6 52. Qe7+ {[%mdl 64] Double Attack} ({Weaker is} 52. Qxg6+ Rxg6 53. Qe7+ Kh6 $11) 52... Kxh5 53. Qh4# {Weighted Error Value: White=0.33/Black=0.77} 1-0